| 000 | 01826cam a22003495a 4500 | ||
|---|---|---|---|
| 999 |
_c27293 _d27264 |
||
| 001 | 20027829 | ||
| 005 | 20190325131739.0 | ||
| 008 | 170922t2018 ilu frb 001 0 eng d | ||
| 010 | _a 2017044800 | ||
| 020 | _a9780838916308 (print : alk. paper) | ||
| 040 |
_aDLC _beng _cDLC _dDLC _dEG-ScBUE |
||
| 043 | _an-us--- | ||
| 082 | 0 | 4 |
_a346.730482 _bHAR _222 |
| 100 | 1 | _aHarris, Lesley Ellen. | |
| 245 | 1 | 0 |
_aLicensing digital content : _ba practical guide for librarians / _cLesley Ellen Harris. |
| 250 | _a3rd ed. | ||
| 260 |
_aChicago : _bALA Editions, an imprint of the American Library Association, _cc.2018. |
||
| 300 |
_axviii, 181 p. ; _c23 cm. |
||
| 504 | _aIncludes bibliographical references and index. | ||
| 505 | 0 | _aWhen to license -- Demystifying the licensing experience -- Learning the lingo -- Key digital licensing clauses -- Boilerplate clauses -- Un-intimidating negotiations -- Questions and answers on licensing -- Go license!. | |
| 520 | _a"Covering the basics of digital licensing for librarians, the new third edition provides a freshened look at all the key issues as well as updated sample agreement clauses. [This book will give] library professionals and students the understanding and the tools needed to negotiate and organize license agreements." | ||
| 650 | 7 |
_aCopyright _xElectronic information resources _zUnited States. _2BUEsh |
|
| 650 | 7 |
_aCopyright _xElectronic information resources. _2BUEsh |
|
| 650 | 7 |
_aLicense agreements _zUnited States. _2BUEsh |
|
| 650 | 7 |
_aLibraries and electronic publishing _zUnited States. _2BUEsh |
|
| 650 | 7 |
_aAcquisition of electronic information resources _zUnited States. _2BUEsh |
|
| 650 | 7 |
_aLibrarians _zUnited States _xHandbooks, manuals, etc. _2BUEsh |
|
| 651 | _2BUEsh | ||
| 653 |
_bGGEN _cMarch2019 |
||
| 655 | _vReading book | ||
| 942 | _2ddc | ||